000 01133nam0a22003251 4500
001 rc\4449895
005 20250612085316.0
010 _d11 к.
_948000
021 _aRU
_b[61-66505]
035 _a(NLR Aleph) 008586109
090 _a8615317
_c8615317
100 _a20130416d1961 |||y0rusy50 ca
101 0 _arus
102 _aRU
105 _ay z |||||
200 1 _aВоин, будь бдителен!
_fполковник С. Исаченко
210 _aМосква
_cВоениздат
_d1961
215 _a62 с.
_d20
225 1 _aЗа нашу Советскую Родину!
300 _aПеред загл. авт.: полк. С. Исаченко
606 1 _aВоенная тайна
_91296880
_3RU\NLR\AUTH\66219205
606 1 _aРеволюционная бдительность
_91124806
_3RU\NLR\AUTH\66126473
686 0 _aЦ4,6(2)243.04
_2rubbk
700 1 _aИсаченко
_bС. М.
_gСергей Максимович
801 0 _aRU
_bNLR
_c20130416
_gpsbo
801 1 _aRU
_bELAR
_c20130416
_2rusmarc
801 2 _aRU
_bNLR
_c20150319
_2rusmarc
852 _aNLR
_j61-4/13844
942 _cBOOK
980 _aNB